Missing Word: Fast Foods Quiz Stats

Quiz Updated Dec 13, 2014

Challenge
Share
Tweet
Embed
Score 0/20 Timer 04:00
0 Plays Today
Hint Answer % Correct
McDonald'sChicken
99%
McDonald'sPounder
97.6%
McDonald'sFish
96.4%
Jack in the BoxChips
72.2%
Wendy'sSandwich
54.5%
Taco BellCinnamon
52.8%
Taco BellTaco
52.3%
Taco BellSteak
44.4%
Wendy'sDouble
40.9%
McDonald'sBacon
39.5%
Hint Answer % Correct
Taco BellNachos
31.2%
McDonald'sApple
27.2%
Wendy'sSalad
24.5%
Wendy'sOriginal
23%
Jack in the BoxBowl
14.9%
Taco BellEmpanada
12.6%
Jack in the BoxMelt
11.8%
Jack in the BoxPita
5.4%
Wendy'sCheesy
4.9%
Jack in the BoxGrilled
3.1%

Today's Daily Dose

You're not logged in!

Compare scores with friends on all Sporcle quizzes.
Sign Up with Email
OR
Log In

You Might Also Like...

Show Comments

Extras

Top Quizzes Today


Score Distribution

Your Account Isn't Verified!

In order to create a playlist on Sporcle, you need to verify the email address you used during registration. Go to your Sporcle Settings to finish the process.